[Event "Mitropa Cup (Women)"]
[Site "Trencin"]
[Date "2025.05.20"]
[Round "7.1"]
[White "Kejzar, Petra"]
[Black "Monpeurt, Cyrielle"]
[Result "1/2-1/2"]
[WhiteElo "2095"]
[BlackElo "2130"]
[PlyCount "199"]
[EventDate "2025.05.14"]
[EventType "team-tourn"]
[EventRounds "9"]
[EventCountry "SVK"]
[SourceTitle "CB22_2025"]
[SourceDate "2025.05.28"]
[SourceVersion "1"]
[SourceVersionDate "2025.05.28"]
[SourceQuality "1"]
[WhiteTeam "Slovenia (W)"]
[BlackTeam "France (W)"]
[WhiteTeamCountry "SLO"]
[BlackTeamCountry "FRA"]

1. d4 d5 2. c4 e6 3. Nf3 c6 4. e3 f5 5. Bd3 Bd6 6. 0-0 Qf6 7. Qc2 Nh6 8. b3 Nd7 9. Ba3 Bxa3 10. Nxa3 0-0 11. b4 b6 12. cxd5 exd5 13. Rac1 Bb7 14. Nb1 a5 15. a3 Qd6 16. Qb3 axb4 17. axb4 Ra7 18. Nc3 Rfa8 19. Rfd1 Kh8 20. Qc2 g6 21. Rb1 Ng4 22. Bf1 Ngf6 23. Rb2 Qe7 24. b5 c5 25. dxc5 bxc5 26. b6 Ra5 27. Rbb1 Qe6 28. Qb2 Kg7 29. Ng5 Qe5 30. Nb5 Qxb2 31. Rxb2 Rb8 32. Nc7 c4 33. Nge6+ Kf7 34. Nd4 Ke7 35. h4 Ne4 36. Rc1 Nec5 37. Rb4 Ra2 38. Rcb1 Ne4 39. R4b2 Rxb2 40. Rxb2 Kd6 41. Ncb5+ Ke7 42. h5 Ra8 43. hxg6 hxg6 44. Na7 Nxb6 45. Rxb6 Rxa7 46. Rxg6 Ra1 47. Rg7+ Kf6 48. Rxb7 Nd2 49. Rb6+ Kf7 50. Rb7+ Kg6 51. Rb6+ Kh5 52. g3 Rxf1+ 53. Kg2 Rb1 54. Rf6 Ne4 55. Rxf5+ Kg6 56. Rxd5 Rb2 57. Rf5 c3 58. Rf4 Nd6 59. Rh4 Rd2 60. Nb3 Nf5 61. Re4 Rb2 62. Rg4+ Kf6 63. Rf4 Ke5 64. Nc5 Rd2 65. Kf3 Nd6 66. Nb3 c2 67. Ra4 Rd1 68. Ra5+ Kf6 69. Rc5 Rb1 70. Rxc2 Rxb3 71. Rc6 Ke7 72. g4 Rb4 73. Rc1 Nf7 74. Kg3 Rb3 75. Kf4 Rb4+ 76. e4 Rb5 77. Rc7+ Kf6 78. Rc6+ Kg7 79. Rc3 Kf6 80. f3 Ra5 81. Kg3 Ng5 82. Re3 Ra4 83. e5+ Kf7 84. f4 Ne4+ 85. Kh4 Nf2 86. Kg5 Ra8 87. Kf5 Rf8 88. Ra3 Ke7+ 89. Kg5 Ne4+ 90. Kg6 Rxf4 91. g5 Rg4 92. Kf5 Rxg5+ 93. Kxe4 Rg6 94. Kf5 Rb6 95. Ra7+ Ke8 96. e6 Rb1 97. Ra8+ Ke7 98. Ra7+ Ke8 99. Ra8+ Ke7 100. Ra7+ 1/2-1/2

[Event "Mitropa Cup (Women)"]
[Site "Trencin"]
[Date "2025.05.19"]
[Round "6.2"]
[White "Zelbova, Lada"]
[Black "Monpeurt, Cyrielle"]
[Result "1/2-1/2"]
[WhiteElo "2063"]
[BlackElo "2130"]
[PlyCount "68"]
[EventDate "2025.05.14"]
[EventType "team-tourn"]
[EventRounds "9"]
[EventCountry "SVK"]
[SourceTitle "CB22_2025"]
[SourceDate "2025.05.28"]
[SourceVersion "1"]
[SourceVersionDate "2025.05.28"]
[SourceQuality "1"]
[WhiteTeam "Czech Republic (W)"]
[BlackTeam "France (W)"]
[WhiteTeamCountry "CZE"]
[BlackTeamCountry "FRA"]

1. d4 d5 2. Bf4 c5 3. e3 cxd4 4. exd4 Nc6 5. c3 f6 6. Nf3 g5 7. Bg3 Bf5 8. Bd3 e6 9. h4 Bxd3 10. Qxd3 g4 11. Ng1 Bd6 12. Qe2 Bxg3 13. Qxe6+ Kf8 14. fxg3 Qc7 15. Qxg4 Re8+ 16. Kf2 Re4 17. Qf5 Qb6 18. Nf3 Nce7 19. Qh5 Qb5 20. Nbd2 Re2+ 21. Kg1 Kg7 22. Qg4+ Ng6 23. a4 Qe8 24. Qh5 Nh6 25. Qxd5 Qe3+ 26. Kh2 Ng4+ 27. Kh3 Nf2+ 28. Kh2 Ng4+ 29. Kh3 h5 30. Rhe1 Nf2+ 31. Kh2 Ng4+ 32. Kh3 Nf2+ 33. Kh2 Ng4+ 34. Kh3 Nf2+ 1/2-1/2

[Event "FRA-chT Top 12 (Women) GpA"]
[Site "Paris"]
[Date "2025.05.10"]
[Round "3.10"]
[White "Monpeurt, Cyrielle"]
[Black "Savina, Anastasia"]
[Result "1-0"]
[WhiteElo "2130"]
[BlackElo "2332"]
[PlyCount "51"]
[EventDate "2025.05.08"]
[EventType "team-tourn"]
[EventRounds "5"]
[EventCountry "FRA"]
[SourceTitle "CB20_2025"]
[SourceDate "2025.05.14"]
[SourceVersion "1"]
[SourceVersionDate "2025.05.14"]
[SourceQuality "1"]
[WhiteTeam "Hauts de France (W)"]
[BlackTeam "Vandoeuvre (W)"]
[WhiteTeamCountry "FRA"]
[BlackTeamCountry "FRA"]

1. e4 e5 2. Nf3 Nc6 3. Bb5 a6 4. Ba4 Nf6 5. 0-0 Be7 6. Re1 b5 7. Bb3 d6 8. c3 0-0 9. h3 Nb8 10. d4 Nbd7 11. c4 Bb7 12. Nc3 c6 13. a3 bxc4 14. Bxc4 d5 15. dxe5 Nxe4 16. Nxe4 dxe4 17. e6 exf3 18. Qxd7 Qxd7 19. exd7 Bf6 20. Bf4 c5 21. Rad1 fxg2 22. Bd6 Rfd8 23. Be7 Bxe7 24. Rxe7 Bf3 25. Rde1 Bc6 26. Bd5 1-0

[Event "Titled Tuesday intern op 11th Feb Early"]
[Site "Chess.com INT"]
[Date "2025.02.11"]
[Round "3"]
[White "Vukcevic, Nemanja"]
[Black "Monpeurt, Cyrielle"]
[Result "0-1"]
[WhiteElo "2312"]
[BlackElo "2166"]
[PlyCount "92"]
[EventDate "2025.02.11"]
[EventType "swiss (blitz)"]
[EventRounds "11"]
[EventCountry "USA"]
[SourceTitle "CB08_2025"]
[SourceDate "2025.02.19"]
[SourceVersion "1"]
[SourceVersionDate "2025.02.19"]
[SourceQuality "1"]

1. d4 c5 2. d5 e6 3. c4 exd5 4. cxd5 Nf6 5. Nc3 d6 6. e4 g6 7. Nf3 Bg7 8. Be2 0-0 9. 0-0 a6 10. a4 Nbd7 11. Bf4 Qe7 12. Nd2 Rb8 13. Nc4 Ne8 14. Re1 Ne5 15. Nxe5 Bxe5 16. Bxe5 Qxe5 17. Qd2 g5 18. g3 Kh8 19. f4 gxf4 20. gxf4 Qf6 21. Kh1 Bh3 22. Bf1 Bg4 23. Be2 Bh3 24. Rg1 Nc7 25. Rg3 Bd7 26. Rag1 Rg8 27. Rxg8+ Rxg8 28. Rxg8+ Kxg8 29. Bf3 Qg6 30. f5 Qg7 31. Qf4 Ne8 32. Nd1 b5 33. axb5 axb5 34. Qg3 Qxg3 35. hxg3 Kg7 36. Kg2 Kf6 37. Nf2 Ke5 38. Nd3+ Kd4 39. Nf4 Kc4 40. g4 Kb3 41. Nd3 Kc2 42. Be2 Kd2 43. Kf3 Nf6 44. Nf2 Kc2 45. g5 Ne8 46. Nd3 c4 0-1

[Event "Titled Tuesday intern op 04th Feb Early"]
[Site "Chess.com INT"]
[Date "2025.02.04"]
[Round "7"]
[White "Monpeurt, Cyrielle"]
[Black "Amato, Leonel"]
[Result "1-0"]
[WhiteElo "2166"]
[BlackElo "2158"]
[PlyCount "39"]
[EventDate "2025.02.04"]
[EventType "swiss (blitz)"]
[EventRounds "11"]
[EventCountry "USA"]
[SourceTitle "CB07_2025"]
[SourceDate "2025.02.12"]
[SourceVersion "1"]
[SourceVersionDate "2025.02.12"]
[SourceQuality "1"]

1. e4 c5 2. Nf3 e6 3. d4 cxd4 4. Nxd4 a6 5. Nc3 Qc7 6. Bd3 Nc6 7. Be3 Nf6 8. 0-0 Be7 9. Kh1 b5 10. a3 Bb7 11. f4 d6 12. Qf3 Nxd4 13. Bxd4 e5 14. Be3 h5 15. fxe5 dxe5 16. Bg5 Qd7 17. Rad1 Qg4 18. Qe3 Nxe4 19. Nxe4 Bxe4 20. Qxe4 1-0

[Event "Titled Tuesday intern op 28th Jan Early"]
[Site "Chess.com INT"]
[Date "2025.01.28"]
[Round "1"]
[White "Monpeurt, Cyrielle"]
[Black "Avramidou, Anastasia"]
[Result "0-1"]
[WhiteElo "2154"]
[BlackElo "2276"]
[PlyCount "58"]
[EventDate "2025.01.28"]
[EventType "swiss (blitz)"]
[EventRounds "11"]
[EventCountry "USA"]
[SourceTitle "CB06_2025"]
[SourceDate "2025.02.05"]
[SourceVersion "1"]
[SourceVersionDate "2025.02.05"]
[SourceQuality "1"]

1. e4 g6 2. d4 Bg7 3. Nc3 d6 4. Bg5 h6 5. Bh4 c6 6. f4 Nf6 7. Nf3 b5 8. a3 0-0 9. Bd3 a5 10. 0-0 Ra7 11. h3 Qb6 12. Kh1 b4 13. Na4 Qc7 14. Qe2 Ba6 15. e5 Nd5 16. Nd2 dxe5 17. fxe5 Bxd3 18. Qxd3 e6 19. c4 bxc3 20. bxc3 Nd7 21. c4 N5b6 22. Nc3 g5 23. Bf2 Qd8 24. c5 Nxc5 25. Qb1 Ncd7 26. d5 cxd5 27. Nb5 Rb7 28. Nd6 Rb8 29. Qd3 Nxe5 0-1

[Event "Titled Tuesday intern op 28th Jan Early"]
[Site "Chess.com INT"]
[Date "2025.01.28"]
[Round "8"]
[White "Monpeurt, Cyrielle"]
[Black "Deveci, Huseyin Said"]
[Result "0-1"]
[WhiteElo "2154"]
[BlackElo "2225"]
[PlyCount "40"]
[EventDate "2025.01.28"]
[EventType "swiss (blitz)"]
[EventRounds "11"]
[EventCountry "USA"]
[SourceTitle "CB06_2025"]
[SourceDate "2025.02.05"]
[SourceVersion "1"]
[SourceVersionDate "2025.02.05"]
[SourceQuality "1"]

1. e4 e5 2. Nf3 Nc6 3. Bc4 Nf6 4. Ng5 d5 5. exd5 Na5 6. Bb5+ c6 7. dxc6 bxc6 8. Be2 h6 9. Nf3 e4 10. Ne5 Bc5 11. d4 Bxd4 12. Nc4 Nxc4 13. Bxc4 Ng4 14. Be3 Nxe3 15. fxe3 Bxb2 16. Qh5 0-0 17. 0-0 Bxa1 18. Bxf7+ Kh8 19. Na3 Bf6 20. Nc4 Ba6 0-1

[Event "Titled Tuesday intern op 07th Jan Early"]
[Site "Chess.com INT"]
[Date "2025.01.07"]
[Round "7"]
[White "Monpeurt, Cyrielle"]
[Black "Melikhov, Evgeny V"]
[Result "0-1"]
[WhiteElo "2154"]
[BlackElo "2138"]
[PlyCount "70"]
[EventDate "2025.01.07"]
[EventType "swiss (blitz)"]
[EventRounds "11"]
[EventCountry "USA"]
[SourceTitle "CB03_2025"]
[SourceDate "2025.01.15"]
[SourceVersion "1"]
[SourceVersionDate "2025.01.15"]
[SourceQuality "1"]

1. e4 c5 2. Nf3 d6 3. d4 cxd4 4. Nxd4 Nf6 5. Nc3 a6 6. h3 e6 7. g4 b5 8. a3 Bb7 9. Bg2 Qc7 10. 0-0 Nc6 11. Be3 Nd7 12. Qd2 Nde5 13. b3 Rc8 14. f4 Nd7 15. Nce2 Nxd4 16. Bxd4 e5 17. Bc3 Be7 18. Rad1 0-0 19. f5 h6 20. Qe1 Nc5 21. Ba5 Qb8 22. Nc3 Bg5 23. h4 Bf4 24. Nd5 Bxd5 25. Rxd5 Nd7 26. Qd1 Nf6 27. Rxd6 Nxg4 28. Qxg4 Qxd6 29. Bb4 Qf6 30. Bxf8 Kxf8 31. Rd1 Rxc2 32. a4 Kg8 33. axb5 axb5 34. Bf1 Qb6+ 35. Kh1 Rh2# 0-1

[Event "Titled Tuesday intern op 07th Jan Early"]
[Site "Chess.com INT"]
[Date "2025.01.07"]
[Round "4"]
[White "Monpeurt, Cyrielle"]
[Black "Wu, Derek"]
[Result "1/2-1/2"]
[WhiteElo "2154"]
[BlackElo "2232"]
[PlyCount "167"]
[EventDate "2025.01.07"]
[EventType "swiss (blitz)"]
[EventRounds "11"]
[EventCountry "USA"]
[SourceTitle "CB03_2025"]
[SourceDate "2025.01.15"]
[SourceVersion "1"]
[SourceVersionDate "2025.01.15"]
[SourceQuality "1"]

1. e4 c5 2. Nf3 Nc6 3. b4 cxb4 4. d4 d5 5. exd5 Qxd5 6. c4 Qe4+ 7. Be2 e6 8. 0-0 Nf6 9. h3 Be7 10. Bd3 Qxd3 11. Qxd3 0-0 12. Nbd2 Rd8 13. Ne4 Bd7 14. Be3 Rac8 15. Rfd1 Be8 16. Nxf6+ Bxf6 17. Rac1 h6 18. Qe4 b6 19. Ne5 Ne7 20. Qg4 Nf5 21. Qe2 Ba4 22. Rd3 Rc7 23. g4 Nh4 24. f4 g5 25. fxg5 hxg5 26. Bf2 Kg7 27. Bxh4 gxh4 28. Qe3 Rh8 29. g5 Be7 30. Rf1 Be8 31. Qf4 Bd8 32. Rdf3 Rh5 33. Kh2 Bxg5 34. Qg4 f5 35. Qg2 Kh6 36. Rg1 Rg7 37. Qe2 a5 38. d5 exd5 39. cxd5 Bf6 40. Nc6 Bd7 41. Ne5 Bc8 42. Rxg7 Kxg7 43. Rf1 Rh6 44. Rg1+ Kf8 45. Nc6 Rh7 46. Qf3 Ke8 47. Re1+ Kd7 48. Qe3 Kd6 49. Qf4+ Kc5 50. Qe3+ Kxd5 51. Ne7+ Rxe7 52. Qd3+ Kc6 53. Rxe7 Bxe7 54. Qc4+ Bc5 55. Kg2 Bb7 56. Kf1 a4 57. Qf7 Ba6+ 58. Ke1 Bd3 59. Qe6+ Kb5 60. Qd7+ Kc4 61. Qe6+ Kd4 62. Qd7+ Kc3 63. Qxa4 Bc4 64. Qd7 Bd4 65. Qxf5 Bxa2 66. Qf3+ Kc4 67. Qf7+ Kc3 68. Qxa2 b3 69. Qb1 b2 70. Ke2 b5 71. Kf3 b4 72. Ke4 Bf6 73. Kf5 Bd8 74. Kg4 Be7 75. Kf3 Bf6 76. Ke4 Be7 77. Qe1+ Kb3 78. Qb1 Bd6 79. Qd3+ Ka2 80. Qc4+ Ka3 81. Qa6+ Kb3 82. Qd3+ Ka2 83. Qa6+ Kb3 84. Qd3+ 1/2-1/2

[Event "Titled Tuesday intern op 26th Nov Late"]
[Site "Chess.com INT"]
[Date "2024.11.26"]
[Round "4"]
[White "Sadovsky, Artem"]
[Black "Monpeurt, Cyrielle"]
[Result "1-0"]
[WhiteElo "2276"]
[BlackElo "2155"]
[PlyCount "95"]
[EventDate "2024.11.26"]
[EventType "swiss (blitz)"]
[EventRounds "11"]
[EventCountry "USA"]
[SourceTitle "CB49_2024"]
[SourceDate "2024.12.04"]
[SourceVersion "1"]
[SourceVersionDate "2024.12.04"]
[SourceQuality "1"]

1. Nf3 c5 2. e3 g6 3. c4 Bg7 4. Nc3 d6 5. d4 Nc6 6. d5 Ne5 7. Nxe5 Bxe5 8. Bd3 e6 9. Bd2 exd5 10. cxd5 a6 11. a4 Ne7 12. h4 h5 13. e4 Bg4 14. f3 Bg3+ 15. Kf1 Bd7 16. f4 Bg4 17. Qb3 0-0 18. e5 dxe5 19. Ne4 exf4 20. Nf6+ Kh8 21. Qc3 Nxd5 22. Nxd5+ f6 23. Nxf4 Bxf4 24. Bxf4 c4 25. Bxc4 Rc8 26. Qd3 Qb6 27. b3 f5 28. Qe3 Qb4 29. Be5+ Kh7 30. Qd4 Rcd8 31. Qe3 Rd2 32. Re1 Rfd8 33. Bf4 R2d7 34. Qe6 Qd2 35. Bxd2 Rxd2 36. Qe7+ Kh6 37. Qe3+ Kh7 38. Qg5 Rd1 39. Qe7+ Kh6 40. Qe3+ Kh7 41. Kf2 R8d2+ 42. Kg3 f4+ 43. Qxf4 Rd3+ 44. Bxd3 Rxd3+ 45. Re3 Rd2 46. Qf7+ Kh6 47. Qf8+ Kh7 48. Re7# 1-0

[Event "Titled Tuesday intern op 17th Sep Early"]
[Site "Chess,com INT"]
[Date "2024.09.17"]
[Round "1"]
[White "Monpeurt, Cyrielle"]
[Black "Moldagali, Beksultan"]
[Result "1/2-1/2"]
[WhiteElo "2140"]
[BlackElo "2404"]
[PlyCount "87"]
[EventDate "2024.09.17"]
[EventType "swiss (blitz)"]
[EventRounds "11"]
[EventCountry "USA"]
[SourceTitle "EXT 2025"]
[Source "ChessBase"]
[SourceDate "2024.10.14"]
[SourceVersion "1"]
[SourceVersionDate "2024.10.14"]
[SourceQuality "1"]

1. e4 d5 2. exd5 Qxd5 3. Nf3 Bg4 4. Be2 Nc6 5. 0-0 0-0-0 6. d4 Bxf3 7. Bxf3 Qxd4 8. Qe2 Qf6 9. Nc3 Nd4 10. Bg4+ e6 11. Qc4 h5 12. Bh3 Nc6 13. Bf4 Qd4 14. Qxd4 Nxd4 15. Rfd1 Nf6 16. Bg5 Be7 17. Rac1 Rd7 18. Kf1 Rhd8 19. g3 Nf3 20. Be3 Ng4 21. Bxg4 hxg4 22. Kg2 Rh8 23. h4 g5 24. Rxd7 Kxd7 25. Rd1+ Kc6 26. a3 gxh4 27. gxh4 Rxh4 28. b4 b5 29. a4 a6 30. axb5+ axb5 31. Ra1 Bd6 32. Ra6+ Kb7 33. Ra7+ Kc6 34. Ra6+ Kd7 35. Nxb5 Rh2+ 36. Kf1 Rh1+ 37. Ke2 Re1+ 38. Kd3 Bxb4 39. Ra7 Bd6 40. Bb6 Ne5+ 41. Kd2 Nf3+ 42. Kd3 Rd1+ 43. Ke2 Re1+ 44. Kd3 1/2-1/2

[Event "Titled Tuesday intern op 03rd Sep Early"]
[Site "Chess.com INT"]
[Date "2024.09.03"]
[Round "2"]
[White "Monpeurt, Cyrielle"]
[Black "Bochnicka, Vladimir1"]
[Result "1-0"]
[WhiteElo "2140"]
[BlackElo "2343"]
[PlyCount "109"]
[EventDate "2024.09.03"]
[EventType "swiss (blitz)"]
[EventRounds "11"]
[EventCountry "USA"]
[SourceTitle "EXT 2025"]
[Source "ChessBase"]
[SourceDate "2024.10.14"]
[SourceVersion "1"]
[SourceVersionDate "2024.10.14"]
[SourceQuality "1"]

1. e4 e5 2. Nf3 Nc6 3. Bc4 Nf6 4. d4 Nxe4 5. dxe5 Nc5 6. 0-0 Ne6 7. Nc3 Be7 8. Nd5 0-0 9. Nxe7+ Qxe7 10. h4 d6 11. exd6 cxd6 12. Re1 Ne5 13. Nxe5 dxe5 14. Rxe5 Qxh4 15. Bd3 Qf6 16. Rh5 h6 17. Qe2 Nf4 18. Bxf4 Qxf4 19. g3 Qg4 20. Qe5 Be6 21. Re1 Rad8 22. Rh4 Qg5 23. Qc7 Rd7 24. Qc3 Rd6 25. Re5 Qf6 26. Rf4 Qe7 27. Qb4 Qd7 28. Rh5 Rc8 29. Qe4 Rxd3 30. Qxd3 Qxd3 31. cxd3 Bxa2 32. Ra4 Bb1 33. Rxa7 Bxd3 34. Re5 Rc1+ 35. Kg2 Rc7 36. Re3 Bc4 37. Kh3 Bd5 38. f3 Rc1 39. Kg4 Bc6 40. Ra8+ Kh7 41. Rf8 Kg6 42. Rd8 Rc4+ 43. f4 f5+ 44. Kh3 Rc1 45. Rd6+ Kh7 46. g4 Rh1+ 47. Kg3 Rg1+ 48. Kf2 Rg2+ 49. Ke1 fxg4 50. Re7 Rxb2 51. f5 g3 52. f6 g2 53. Rxg7+ Kh8 54. Rd8+ Be8 55. Rxe8# 1-0